000 00816cam a22002532 4500
001 7347238
003 OSt
005 20240626101916.0
008 970623s1931 enkaf b 000 0 eng
010 _aagr32000089
020 _a8177541927
040 _cMUST
082 _222
_a631 HOW 2007
100 1 _aHoward, Albert,
_917925
245 1 4 _aThe waste products of agriculture:
_btheir utilization as humus,
_cby Albert Howard and Yeshwant D. Wad.
260 _aLondon,
_aNew York [etc.]
_bH. Milford, Oxford university press,
_c2007
300 _axiv, 167 p.
_bill.
_c22 cm.
504 _a"Bibliography" at end of most chapters.
650 0 _aWaste products.
_917926
650 0 _aHumus.
_917927
700 1 _aWad, Yeshwant D
_917928
906 _a0
_bcbc
_cpremunv
_du
_encip
_f19
_gy-gencatlg
942 _2ddc
_cO_SHELF
999 _c8875
_d8875